000 00452nam a2200181Ia 4500
001 18002
005 20260306171558.0
008 260306s9999||||xx |||||||||||||| ||und||
041 _aESP
082 _a658.311
_bJ54
100 _aJiménez Coronado, Ludwin
_eAUT
245 0 _aContratación de personal y beneficios sociales
260 _c2007
300 _a252 páginas :
_c24 cm.
650 _aGEN
654 _aCAN
942 _cLIB
_dJUS
_fJUS
_2ddc
_n
999 _c18002
_d18002